000 01401 a2200217 4500
001 54795
005 20260407155824.0
008 260407a1987 arg spa d
003 AR-UNSa-BCEJYS
040 _aAR-UNSa-BCEJYS
_bspa
_cAR-UNSa-BCEJYS
080 _a316
_xSociología
245 1 0 _aLa sociología y el cambio social
264 1 _aBuenos Aires :
_bPaidós
_c1987
300 _a251 p.
_c22 cm.
505 _aParte I: Cambio social acelerado - 1. La sociología en las zonas en desarrollo,por Wilbert E. Moore - 2. Sociología rural,por Charles P. Loomis y Zona Kemp Loomis - 3. La sociología en el proceso de desegregación,por Thomas F. Pettigrew y Kurt W. Back - Parte II: Problemas institucionales de la sociología aplicada - 4. Los problemas éticos de la sociología aplicada,por Robert C. Angell - 5. La evaluación de los programas de acción social,por Herbert H. Hyman y Charles R. Wright - 6. La resistencia a los datos sociológicos: Estudio de un caso,por Judith R. Kramer - 7. El sociólogo en el medio no universitario,por John W. Riley - 8. Aplicaciones no convencionales de la sociología según lo ejemplifica la investigación para la paz,por Amitai Etzioni - 9. La contabilidad social,por Philip M. Hauser
942 _cBK
590 _aniveau_biblio:m niveau_hierar:0
100 1 _aLazarsfeld, Paul F.
700 1 _aSewell, William H.
700 1 _aWilensky, Harold L.
999 _c5811
_d5811